Подробности
| 000 -МАРКЕР |
| контрольное поле |
01658nam2a22003131 4500 |
| 001 - ИДЕНТИФИКАТОР ЗАПИСИ |
| контрольное поле |
rc\3332574 |
| 005 - ИДЕНТИФИКАТОР ВЕРСИИ |
| контрольное поле |
20250609213552.0 |
| 035 ## - ДРУГИЕ СИСТЕМНЫЕ НОМЕРА |
| Идентификатор записи |
(NLR Aleph) 007513729 |
| 100 ## - ДАННЫЕ ОБЩЕЙ ОБРАБОТКИ |
| Данные общей обработки |
20130115d1969 |||y0rusy50 ca |
| 101 0# - ЯЗЫК РЕСУРСА |
| Язык текста, звукозаписи и т.д. |
русский |
| 102 ## - СТРАНА ПУБЛИКАЦИИ ИЛИ ПРОИЗВОДСТВА |
| Страна публикации |
российская федерация |
| 105 ## - ПОЛЕ КОДИРОВАННЫХ ДАННЫХ: ТЕКСТОВЫЕ МАТЕРИАЛЫ, МОНОГРАФИЧЕСКИЕ |
| Кодированные данные о монографическом текстовом документе |
ab z ||||| |
| 200 1# - ЗАГЛАВИЕ И СВЕДЕНИЯ ОБ ОТВЕТСТВЕННОСТИ |
| Основное заглавие |
История |
| Первые сведения об ответственности |
Изд. подгот. Г.С. Кнабе [и др. |
| Последующие сведения об ответственности |
Коммент. Г.С. Кнабе] |
| 210 ## - ПУБЛИКАЦИЯ, РАСПРОСТРАНЕНИЕ И ДР. |
| Место издания, распространения и т.д. |
Ленинград |
| Имя издателя, распространителя и т. д. |
Наука. Ленингр. отд-ние |
| Дата издания, распространения и т.д. |
1969 |
| 215 ## - ФИЗИЧЕСКАЯ ХАРАКТЕРИСТИКА |
| Специфическое обозначение материала и объем |
370 с., 2 л. табл., карт. |
| 320 ## - ПРИМЕЧАНИЯ О НАЛИЧИИ В ДОКУМЕНТЕ БИБЛИОГРАФИИ / УКАЗАТЕЛЯ |
| Текст примечания |
Аннот. указатель собств. имен. геогр. и этн. назв.: с. 300-369 |
| 320 ## - ПРИМЕЧАНИЯ О НАЛИЧИИ В ДОКУМЕНТЕ БИБЛИОГРАФИИ / УКАЗАТЕЛЯ |
| Текст примечания |
Библиогр. в примеч.: с. 248 |
| 327 0# - ПРИМЕЧАНИЯ О СОДЕРЖАНИИ |
| Текст примечания |
В прил.: Корнелий Тацит / И. Тронский |
| 461 #0 - УРОВЕНЬ НАБОРА |
| Встроенное поле |
001rc\3332572 |
| -- |
2001#$aСочинения$eВ 2 т.$e[Перевод$fОтв. ред. С.Л. Утченко]$g[АН СССР. Т. 1-2$vТ. 2 |
| -- |
700#1$aТацит$bК.$gКорнелий |
| Системный номер (АБИС) связанной записи |
7703719 |
| Автор |
Тацит, К. |
| Место публикации |
Ленинград |
| Дата публикации |
1969 |
| Первые сведения об ответственности |
Отв. ред. С.Л. Утченко] |
| Имя издателя, распространителя и т.д. |
Наука. Ленингр. отд-ние |
| Сведения, относящиеся к заглавию |
В 2 т. : [Перевод |
| Физическая характеристика |
2 т. |
| Заглавие |
Сочинения |
| Номер тома |
Т. 2 |
| 464 #0 - АНАЛИТИЧЕСКИЙ УРОВЕНЬ |
| Встроенное поле |
2001#$aКорнелий Тацит |
| -- |
700#1$aТронский$bИ. М.$f1897-1970$gИосиф Моисеевич$3RU\NLR\AUTH\770211332 |
| Заглавие |
Корнелий Тацит |
| Автор |
Тронский, Иосиф Моисеевич (1897-1970) |
| 702 #1 - ИМЯ ЛИЦА - ВТОРИЧНАЯ ОТВЕТСТВЕННОСТЬ |
| Начальный элемент ввода |
Кнабе |
| Часть имени, кроме начального элемента ввода |
Г.С. |
| Код отношения |
Комментатор печатного текста |
| 801 #0 - ИСТОЧНИК ЗАПИСИ |
| Страна |
российская федерация |
| Организация |
NLR |
| Правила каталогизации |
psbo |
| 801 #1 - ИСТОЧНИК ЗАПИСИ |
| Страна |
российская федерация |
| Организация |
ELAR |
| Источник данных |
rusmarc |
| 852 ## - МЕСТОНАХОЖДЕНИЕ И ШИФР ХРАНЕНИЯ |
| Идентификатор организации |
NLR |
| Шифр хранения (Call Number) |
69-5/2233 |
| 852 ## - МЕСТОНАХОЖДЕНИЕ И ШИФР ХРАНЕНИЯ |
| Идентификатор организации |
NLR |
| Шифр хранения (Call Number) |
Мф К1/7666-1-2 |
| 942 ## - ДОПОЛНИТЕЛЬНЫЕ ЭЛЕМЕНТЫ ЗАПИСИ (АБИС) |
| Тип экземпляра АБИС |
Книга |
| 980 ## - КОЛЛЕКЦИЯ |
| Название коллекции |
Национальная библиография |